000 00580nam a2200169 a 4500
005 20140310183210.0
008 030224s19uu xx 00 eng d
050 _aHF 5549
_b.B4537 1981
100 _aBirnbrauer, Herman
245 _aManaging the HRD function :
_bfocused toward learning and behavior change increased effectiveness /
_cHerman D. Birnbrauer.
260 _aBensalem, Pennsylvanina :
_bInstitute for Business & Industry Inc.,
_c1981.
300 _a142 p. :
_c23 cm.
521 _aBSBA
650 _aPersonnel management
942 _cBK
_2lcc
_kFOR
999 _c20112
_d20112